00753cam a22002651 45000010008000000030009000080050017000170080041000340100017000750250018000920350020001100400031001300410011001610420012001720500017001840820016002011000025002172450035002422500012002772600091002893000035003805000046004156300013004617300013004746109775BDDh-ASL20231015025928.0940713s1963 ii b 000 0 engo  asa 64001238  aPL480:P-E-311 a(OCoLC)30759430 aDLCcCUdCUdDLCdBDDh-ASL0 aengara apremarc00aBP130.6b.A9 a297.12bAZG1 aAzizullah, Muhammad.10aGlimpses of the Holy Qurʼan / a1st ed. aKarachi:bPublished under the auspices of World Federation of Islamic Missions,c1963. a96 p.bfold. col. map.c25 cm. aIncludes verses from the Koran in Arabic.00aQurʼan.0 aQurʼan.